| 000 | 00698cab a2200205 4500 | ||
|---|---|---|---|
| 001 | WB2921-43 | ||
| 008 | 090401t1993 xxu||||| |||| 00| 0 eng d | ||
| 035 | _a(Sirsi) u42915 | ||
| 041 | _aeng | ||
| 245 | _aTransfer of fixtures was theft | ||
| 260 | _c1993 | ||
| 350 | _a0 | ||
| 490 |
_aIndependent _v4 June 1993, 27(1) |
||
| 520 | _a"DPP v Lavender" QBD 20 May 1993. Held, under the terms of the Theft Act 1968, removal of doors from a landlord`s premises by a tenant, for use in other premises owned by the same landlord, amounted to theft. | ||
| 650 | _aFIXTURES | ||
| 650 | _aTHEFT ACT 1968 S6(1) | ||
| 690 | _aPROPERTY LAW AND PRACTICE-CASE LAW | ||
| 942 | _n0 | ||
| 948 | _c04/03/1997 | ||
| 999 |
_c27447 _d27447 |
||